[Event "Barcelona Puig Memorial op 2nd"]
[Site "Barcelona"]
[Date "2016.10.19"]
[Round "3"]
[White "Bru Rullo, Llatzer"]
[Black "Bertran Morancho, Joan"]
[Result "1/2-1/2"]
[WhiteElo "2256"]
[BlackElo "1982"]
[PlyCount "67"]
[EventDate "2016.09.28"]
[EventType "swiss"]
[EventRounds "9"]
[EventCountry "ESP"]
[SourceTitle "EXT 2018"]
[Source "ChessBase"]
[SourceDate "2017.10.13"]
[SourceVersion "1"]
[SourceVersionDate "2017.10.13"]
[SourceQuality "1"]

1. e4 c5 2. Nf3 e6 3. d4 cxd4 4. Nxd4 a6 5. Be2 Qc7 6. Be3 Nf6 7. Bf3 Nc6 8. Nxc6 dxc6 9. 0-0 Bd6 10. g3 0-0 11. Nd2 b5 12. Nb3 Rd8 13. Qe2 e5 14. a4 Be6 15. Nd2 Qe7 16. b3 Bc5 17. Rfd1 Bxe3 18. Qxe3 Ng4 19. Bxg4 Bxg4 20. f3 Be6 21. axb5 axb5 22. Nf1 Rxa1 23. Rxa1 h6 24. Kg2 Qd7 25. g4 Qd4 26. Qxd4 Rxd4 27. Kf2 Kf8 28. Ke3 Rd7 29. Ng3 Ke7 30. Ne2 g6 31. Nc1 Rd1 32. Ra7+ Kd6 33. Nd3 Rh1 34. f4 1/2-1/2

[Event "Barcelona Rubi op-A 5th"]
[Site "Barcelona"]
[Date "2004.04.??"]
[Round "3"]
[White "Guasch Sariol, Jaume"]
[Black "Bertran Morancho, Joan"]
[Result "1/2-1/2"]
[WhiteElo "2175"]
[BlackElo "1960"]
[PlyCount "96"]
[EventDate "2004.04.25"]
[EventType "swiss"]
[EventRounds "9"]
[EventCountry "ESP"]
[SourceTitle "EXT 2007"]
[Source "ChessBase"]
[SourceDate "2006.11.23"]
[SourceVersion "1"]
[SourceVersionDate "2006.11.23"]
[SourceQuality "1"]

1. d4 Nf6 2. c4 g6 3. Nc3 Bg7 4. e4 d6 5. Be2 0-0 6. Bg5 Nbd7 7. Qd2 e5 8. d5 a5 9. f3 Nc5 10. g4 Qd7 11. h4 Ne8 12. h5 f6 13. Be3 g5 14. Nh3 h6 15. Nf2 Rf7 16. 0-0 Bf8 17. Rab1 b6 18. b3 Qd8 19. a3 Bd7 20. Rfc1 a4 21. Bxc5 dxc5 22. b4 Bd6 23. b5 Qc8 24. Bd1 Ng7 25. Ra1 Rf8 26. Bxa4 Qb7 27. Bd1 Ra7 28. Ra2 Rfa8 29. Rca1 Ne8 30. Ne2 Be7 31. Nc1 Nd6 32. Qd3 Kf7 33. Bc2 Bd8 34. Kg2 Ra5 35. a4 R5a7 36. Nd1 Qc8 37. Kg3 Be7 38. Ne3 Nb7 39. Nb3 Bd6 40. Qd2 Na5 41. Nxa5 bxa5 42. Rb1 Qb8 43. b6 cxb6 44. Rab2 Rb7 45. Nd1 Ra6 46. Nc3 Qc7 47. Nb5 Bxb5 48. Rxb5 Kg7 1/2-1/2